000 00398nam a2200157Ia 4500
008 230711s9999||||xx |||||||||||||| ||und||
041 _aENG
082 _a624
_bOW-S
100 _aOwens,Graham W.
245 0 _aStructural steel work connection
250 _a1st Ed.
260 _c1989
_aNew Delhi
_bButterworth-Heinemann Ltd
650 _aCivil Engineering
700 _aCheal,Brian D.
942 _cBK
999 _c456
_d456